Statistics for Most Common U.S. Black Girl Names

Click here to take the quiz!

General Stats

  • This quiz has been taken 32 times
  • The average score is 3 of 22

Answer Stats

HintAnswer% Correct
Ddestiny
65%
Aaaliyah
30%
Bbrianna
30%
Aalexis
22%
Jjasmine
17%
Mmonique
17%
Aalicia
13%
Hheaven
13%
Hhope
13%
Aasia
9%
Cchina
9%
Nnicki
9%
Ttiana
9%
Ddasia
4%
Ddior
4%
Eerica
4%
Rraven
4%
Aamiyah
0%
Aashanti
0%
Cciara
0%
Ddominique
0%
Sshaniyah
0%

Score Distribution

Percentile by Number Answered

Percent of People with Each Score

Your Score History

You have not taken this quiz